000 00579nam a2200217Ia 4500
005 20250508164411.0
008 008 250505s9999 xx 000 0 hin d
020 _a81-88121-01-0
037 _aTextual
040 _aFEDL
_beng
_cFEDL
041 _ahin
_2eng
084 _a891.433, JOS
_qFEDL
100 _aJoshi Malti
245 0 _aAurat ek raat hai
260 _aDelhi, India
_bPrameshwarai Prakashan
_c2007
300 _a151p
365 _aINR
_b150
650 _aFiction - Hindi
_9778035
942 _cTEXL
_h891.433, JOS
999 _c1388950
_d1388950